[Event "POL-ch Ekstraliga-A Rapid"]
[Site "Bydgoszcz"]
[Date "2022.03.12"]
[Round "10.3"]
[White "Gralka, Przemyslaw"]
[Black "Skawinski, Arkadiusz"]
[Result "0-1"]
[WhiteElo "2207"]
[BlackElo "2366"]
[PlyCount "110"]
[EventDate "2022.03.11"]
[EventType "team-tourn (rapid)"]
[EventRounds "10"]
[EventCountry "POL"]
[SourceTitle "CBM 207 Extra"]
[Source "ChessBase"]
[SourceDate "2022.05.31"]
[SourceVersion "1"]
[SourceVersionDate "2022.05.31"]
[SourceQuality "1"]
[WhiteTeam "Bydgoszcz Hetman"]
[BlackTeam "Wisznia Mala Bialy Krol"]
[WhiteTeamCountry "POL"]
[BlackTeamCountry "POL"]

1. d4 d5 2. Bf4 Nf6 3. Nf3 e6 4. e3 c5 5. c3 Nc6 6. Nbd2 cxd4 7. exd4 Nh5 8. Bg5 f6 9. Bh4 Bd6 10. Ne5 g6 11. Nxc6 bxc6 12. Bg3 Nf4 13. Bxf4 Bxf4 14. g3 Bc7 15. f4 e5 16. dxe5 fxe5 17. fxe5 0-0 18. Qa4 Bxe5 19. 0-0-0 Qb6 20. Bd3 c5 21. Qb5 Bh3 22. Rde1 Bf6 23. Re2 Qd6 24. Qa6 Qb6 25. Rhe1 c4 26. Qxb6 axb6 27. Bb1 b5 28. a3 Bg7 29. Bc2 Bh6 30. Kb1 Bg4 31. Rg2 Rae8 32. Rxe8 Rxe8 33. h4 Re1+ 34. Ka2 Be3 35. a4 bxa4 36. Bxa4 Be2 37. Nb1 Bf3 38. Rh2 Kf7 39. Na3 Re2 40. Rxe2 Bxe2 41. Nc2 Bf2 42. Nd4 Bd3 43. Bc6 Be4 44. b4 cxb3+ 45. Nxb3 Bxg3 46. Nc5 Bg2 47. c4 Bxh4 48. cxd5 Be7 49. Ne6 Bd6 50. Kb3 h5 51. Kc4 h4 52. Bd7 Kf6 53. Nd4 h3 54. Bxh3 Bxh3 55. Kb5 Ke5 0-1

[Event "POL-chT 2nd League"]
[Site "Jastrzebia Gora"]
[Date "2018.09.05"]
[Round "5.12"]
[White "Gralka, Przemyslaw"]
[Black "Mirski, Michal"]
[Result "1-0"]
[WhiteElo "2208"]
[BlackElo "1988"]
[PlyCount "61"]
[EventDate "2018.09.01"]
[EventType "team-swiss"]
[EventRounds "9"]
[EventCountry "POL"]
[SourceTitle "CBM 186 Extra"]
[Source "ChessBase"]
[SourceDate "2018.08.24"]
[SourceVersion "1"]
[SourceVersionDate "2018.08.24"]
[SourceQuality "1"]
[WhiteTeam "Bydgoszcz"]
[BlackTeam "Staniatki Goniec"]
[WhiteTeamCountry "POL"]
[BlackTeamCountry "POL"]

1. d4 f5 2. Nf3 Nf6 3. Bg5 e6 4. e3 d5 5. Nbd2 Bd6 6. c4 c6 7. Bd3 0-0 8. 0-0 Qe8 9. Bf4 Be7 10. h3 Qh5 11. Be2 Ne4 12. Ne5 Qe8 13. Bd3 Nd7 14. f3 Nxd2 15. Qxd2 Bf6 16. Rae1 Nxe5 17. dxe5 Be7 18. b4 b6 19. Rc1 Bb7 20. e4 dxe4 21. fxe4 Rd8 22. exf5 Bxb4 23. Qxb4 Rxd3 24. c5 Rxf5 25. cxb6 axb6 26. Qxb6 Ba8 27. a4 Qg6 28. Be3 Qe8 29. Bc5 h6 30. Qb1 g6 31. Qxd3 1-0

[Event "POL-chT 2nd League"]
[Site "Szklarska Poreba"]
[Date "2017.09.06"]
[Round "5.15"]
[White "Gralka, Przemyslaw"]
[Black "Rudnicki, Milosz"]
[Result "1/2-1/2"]
[WhiteElo "2221"]
[BlackElo "2164"]
[PlyCount "132"]
[EventDate "2017.09.02"]
[EventType "team-swiss"]
[EventRounds "9"]
[EventCountry "POL"]
[SourceTitle "CBM 180 Extra"]
[Source "ChessBase"]
[SourceDate "2017.10.06"]
[SourceVersion "1"]
[SourceVersionDate "2017.10.06"]
[SourceQuality "1"]
[WhiteTeam "Bydgoszcz Hetman"]
[BlackTeam "Grzybowo GKSz Solny"]
[WhiteTeamCountry "POL"]
[BlackTeamCountry "POL"]

1. d4 Nf6 2. Bf4 e6 3. e3 b6 4. Nf3 Be7 5. h3 Bb7 6. Nbd2 0-0 7. Bd3 d5 8. Ne5 c5 9. c3 Nbd7 10. Qf3 Qc8 11. g4 Nxe5 12. Bxe5 Qc6 13. g5 Ne4 14. Qh5 Bd6 15. Rg1 Bxe5 16. dxe5 g6 17. Qh6 Nxd2 18. Kxd2 Kh8 19. Rg4 Rg8 20. h4 Qc7 21. f4 Rad8 22. h5 d4 23. exd4 cxd4 24. c4 Rg7 25. hxg6 fxg6 26. Qh3 Qc6 27. Re1 Qa4 28. Ra1 b5 29. b3 Qb4+ 30. Ke2 Qc3 31. Rd1 bxc4 32. bxc4 Ba6 33. Rd2 Rb8 34. Rg3 Rb2 35. Rxb2 Qxb2+ 36. Kf3 Bb7+ 37. Kg4 Qxa2 38. Kh4 Re7 39. Kg4 Kg8 40. Qf1 Rf7 41. Qe2 Qa1 42. Qf1 Qa4 43. Rg1 Qc6 44. Qf2 a5 45. Ra1 a4 46. Bc2 Ba6 47. Bd3 Rd7 48. Qf3 Bb7 49. Qf2 Rd8 50. Ra3 Qh1 51. Kg3 Bc6 52. Bf1 Rb8 53. Bh3 Kf7 54. Qxd4 Qe1+ 55. Kh2 Qe2+ 56. Kg3 Qe1+ 57. Kh2 Qb4 58. Ra2 a3 59. Qa7+ Rb7 60. Qxa3 Qxc4 61. Rf2 Qd4 62. Qa2 Bd5 63. Qd2 Qc4 64. Qc2 Qd4 65. Qd2 Qc4 66. Qc2 Qd4 1/2-1/2

[Event "POL-chT 2nd League"]
[Site "Lazy"]
[Date "2012.09.08"]
[Round "8"]
[White "Augustyn, Sebastian"]
[Black "Gralka, Przemyslaw"]
[Result "1-0"]
[WhiteElo "2109"]
[BlackElo "2289"]
[PlyCount "103"]
[EventDate "2012.09.01"]
[EventType "team-swiss"]
[EventRounds "9"]
[EventCountry "POL"]
[SourceTitle "EXT 2019"]
[Source "ChessBase"]
[SourceDate "2018.10.10"]
[SourceVersion "1"]
[SourceVersionDate "2018.10.10"]
[SourceQuality "1"]
[WhiteTeam "Pilzno GKSz Hetman"]
[BlackTeam "Bydgoszcz Chemik"]
[WhiteTeamCountry "POL"]
[BlackTeamCountry "POL"]

1. e4 d5 2. exd5 Qxd5 3. Nc3 Qa5 4. d4 Nf6 5. Bc4 Bg4 6. Nf3 e6 7. h3 Bh5 8. g4 Bg6 9. Bd2 c6 10. Nd5 Qd8 11. Nxf6+ gxf6 12. Bb3 h5 13. Rg1 hxg4 14. hxg4 Nd7 15. Qe2 Qe7 16. 0-0-0 0-0-0 17. Rh1 Bg7 18. Nh4 Bh7 19. f4 Nb6 20. c3 Nd5 21. Rde1 Qd7 22. Qf3 c5 23. f5 cxd4 24. cxd4 Nc7 25. Be3 Nb5 26. d5 Bg8 27. Kb1 Kb8 28. Bf4+ e5 29. Be3 Bh6 30. Ng2 Bg7 31. Rxh8 Bxh8 32. Rc1 Nd6 33. Qf2 Nc8 34. Ne1 Bg7 35. Nd3 Bf8 36. Nc5 Qb5 37. Qc2 Bxc5 38. Bxc5 Ka8 39. a4 Qd7 40. Qc4 Kb8 41. a5 Nd6 42. Bxd6+ Qxd6 43. Qc5 Qxc5 44. Rxc5 Bh7 45. Kc1 Rd6 46. Kd2 Rd8 47. Ke3 Rd6 48. Ke4 b6 49. Rc6 Rxc6 50. dxc6 Kc7 51. Ba4 Kd6 52. a6 1-0

[Event "POL-chT 2nd League"]
[Site "Lazy"]
[Date "2012.09.03"]
[Round "3"]
[White "Gralka, Przemyslaw"]
[Black "Wozny, Tomasz"]
[Result "1-0"]
[WhiteElo "2289"]
[BlackElo "1783"]
[PlyCount "85"]
[EventDate "2012.09.01"]
[EventType "team-swiss"]
[EventRounds "9"]
[EventCountry "POL"]
[SourceTitle "EXT 2019"]
[Source "ChessBase"]
[SourceDate "2018.10.10"]
[SourceVersion "1"]
[SourceVersionDate "2018.10.10"]
[SourceQuality "1"]
[WhiteTeam "Bydgoszcz Chemik"]
[BlackTeam "Przemysl MKS Polonia"]
[WhiteTeamCountry "POL"]
[BlackTeamCountry "POL"]

1. e4 d5 2. exd5 Qxd5 3. Nc3 Qa5 4. d4 Bf5 5. Nf3 Nd7 6. Bc4 e6 7. 0-0 Ngf6 8. Bd2 0-0-0 9. Nd5 Qa4 10. Ne3 Bg6 11. b3 Qc6 12. a4 Nd5 13. Ra2 h6 14. Bb5 Nxe3 15. fxe3 Qe4 16. Bxd7+ Rxd7 17. Ne5 Rxd4 18. Nxg6 Rxd2 19. Qxd2 Bc5 20. Nxh8 Bxe3+ 21. Qxe3 Qxe3+ 22. Kh1 Qe2 23. Raa1 f6 24. Rae1 Qxc2 25. Rxe6 Qxb3 26. Re7 Qxa4 27. Rxg7 Qc4 28. Re1 b5 29. Nf7 Qb4 30. Rg8+ Kd7 31. Rd1+ Kc6 32. Nxh6 Qf4 33. Rg6 Kb7 34. h3 a5 35. Ng4 f5 36. Nf6 Qa4 37. Rf1 Qc4 38. Rxf5 Qd3 39. Rgg5 Qd1+ 40. Kh2 Qd6+ 41. Rg3 c6 42. Ne4 Qd7 43. Rf7 1-0

[Event "POL-chT 2nd League"]
[Site "Mrzezyno"]
[Date "2011.09.11"]
[Round "9.38"]
[White "Borkowski, Franciszek"]
[Black "Gralka, Przemyslaw"]
[Result "1-0"]
[WhiteElo "2325"]
[BlackElo "2288"]
[PlyCount "79"]
[EventDate "2011.09.03"]
[EventType "team-swiss"]
[EventRounds "9"]
[EventCountry "POL"]
[SourceTitle "EXT 2019"]
[Source "ChessBase"]
[SourceDate "2018.10.10"]
[SourceVersion "1"]
[SourceVersionDate "2018.10.10"]
[SourceQuality "1"]
[WhiteTeam "Wroclaw Hetman"]
[BlackTeam "Bydgoszcz Chemik"]
[WhiteTeamCountry "POL"]
[BlackTeamCountry "POL"]

1. e4 c6 2. d3 d5 3. Nd2 e5 4. g3 Nf6 5. Bg2 Bc5 6. Ngf3 Nbd7 7. 0-0 0-0 8. h3 Re8 9. Re1 a5 10. a4 Qb6 11. Qe2 Nh5 12. Nf1 dxe4 13. dxe4 Nf8 14. c3 Ng6 15. Be3 Nf6 16. Bxc5 Qxc5 17. Qe3 Qxe3 18. Rxe3 Rd8 19. N1d2 Be6 20. Bf1 b5 21. axb5 cxb5 22. Bxb5 Bxh3 23. c4 Bd7 24. Bxd7 Rxd7 25. b4 a4 26. Rea3 Rda7 27. c5 Kf8 28. Kf1 Ke7 29. Nc4 Nxe4 30. Nfxe5 Nxe5 31. Nxe5 Nd2+ 32. Kg2 Nb3 33. Nc6+ Kd7 34. Nxa7 Nxa1 35. Rxa4 Nb3 36. c6+ Kd8 37. Ra3 h6 38. c7+ Kxc7 39. Nb5+ Kb7 40. Rxb3 1-0

[Event "POL-chT 2nd League"]
[Site "Mrzezyno"]
[Date "2011.09.07"]
[Round "5.20"]
[White "Gralka, Przemyslaw"]
[Black "Warszawski, Bartosz"]
[Result "1/2-1/2"]
[WhiteElo "2288"]
[BlackElo "2277"]
[PlyCount "56"]
[EventDate "2011.09.03"]
[EventType "team-swiss"]
[EventRounds "9"]
[EventCountry "POL"]
[SourceTitle "EXT 2015"]
[Source "ChessBase"]
[SourceDate "2014.11.20"]
[SourceVersion "1"]
[SourceVersionDate "2014.11.20"]
[SourceQuality "1"]
[WhiteTeam "Bydgoszcz Chemik"]
[BlackTeam "Warszawa YMCA"]
[WhiteTeamCountry "POL"]
[BlackTeamCountry "POL"]

1. d4 Nf6 2. Nf3 e6 3. Bf4 c5 4. e3 b6 5. c3 Bb7 6. Nbd2 Be7 7. h3 cxd4 8. cxd4 0-0 9. Be2 d6 10. 0-0 Nbd7 11. Bh2 Rc8 12. a4 a6 13. Qb3 Qc7 14. Nc4 Bd5 15. Rfc1 Qb7 16. Qb4 Bxc4 17. Bxc4 d5 18. Bxa6 Qxa6 19. Qxe7 Qxa4 20. Ne5 Rxc1+ 21. Rxc1 Nxe5 22. Bxe5 Ne4 23. f3 Qb3 24. Re1 Nd2 25. Bxg7 Kxg7 26. Qg5+ Kh8 27. Qf6+ Kg8 28. Qg5+ Kh8 1/2-1/2

[Event "POL-chT 2nd League"]
[Site "Mrzezyno"]
[Date "2011.09.06"]
[Round "4"]
[White "Urbanski, Grzegorz"]
[Black "Gralka, Przemyslaw"]
[Result "1/2-1/2"]
[WhiteElo "2177"]
[BlackElo "2288"]
[PlyCount "85"]
[EventDate "2011.09.03"]
[EventType "team-swiss"]
[EventRounds "9"]
[EventCountry "POL"]
[SourceTitle "EXT 2015"]
[Source "ChessBase"]
[SourceDate "2014.11.20"]
[SourceVersion "1"]
[SourceVersionDate "2014.11.20"]
[SourceQuality "1"]
[WhiteTeam "Mikolow AKS"]
[BlackTeam "Bydgoszcz Chemik"]
[WhiteTeamCountry "POL"]
[BlackTeamCountry "POL"]

1. e4 d5 2. exd5 Qxd5 3. Nc3 Qa5 4. Bc4 Nf6 5. d3 c6 6. Bd2 Bg4 7. f3 Bh5 8. h4 h6 9. Nge2 e5 10. Ng3 Qc7 11. Qe2 Nbd7 12. Nce4 Be7 13. Nf5 Bf8 14. 0-0-0 Bg6 15. Nxf6+ Nxf6 16. Ng3 0-0-0 17. Ne4 Nd5 18. Rde1 f6 19. g4 Be7 20. g5 hxg5 21. hxg5 Rxh1 22. Rxh1 f5 23. Nc3 Nxc3 24. bxc3 Ba3+ 25. Kd1 Re8 26. Qf2 b5 27. Bb3 a5 28. Rh4 Kb7 29. Bc1 Bxc1 30. Kxc1 a4 31. Bxa4 bxa4 32. Rb4+ Kc8 33. Rxa4 c5 34. Rc4 Re6 35. Rxc5 Rc6 36. Rxc6 Qxc6 37. c4 f4 38. Qa7 Qb7 39. Qc5+ Qc7 40. Qf8+ Kb7 41. Qb4+ Qb6 42. Qe7+ Qc7 43. Qb4+ 1/2-1/2

[Event "POL-chT 2st League"]
[Site "Mrzezyno"]
[Date "2010.09.08"]
[Round "5.14"]
[White "Sadzikowski, Daniel"]
[Black "Gralka, Przemyslaw"]
[Result "1/2-1/2"]
[WhiteElo "2351"]
[BlackElo "2278"]
[PlyCount "37"]
[EventDate "2010.09.04"]
[EventType "team-swiss"]
[EventRounds "9"]
[EventCountry "POL"]
[SourceTitle "EXT 2019"]
[Source "ChessBase"]
[SourceDate "2018.10.10"]
[SourceVersion "1"]
[SourceVersionDate "2018.10.10"]
[SourceQuality "1"]
[WhiteTeam "Krakow TKKF Drogowiec"]
[BlackTeam "Bydgoszcz Chemik"]
[WhiteTeamCountry "POL"]
[BlackTeamCountry "POL"]

1. e4 d5 2. exd5 Qxd5 3. Nc3 Qa5 4. d4 Nf6 5. Nf3 Bg4 6. h3 Bh5 7. g4 Bg6 8. Ne5 Nbd7 9. Nc4 Qa6 10. d5 Ne4 11. Nxe4 Bxe4 12. f3 Bg6 13. h4 h5 14. Bf4 Qa4 15. b3 Qb4+ 16. Bd2 Qc5 17. Be3 Qb4+ 18. Bd2 Qc5 19. Be3 1/2-1/2

[Event "POL-chT 2nd League"]
[Site "Miedzyzdroje"]
[Date "2009.09.18"]
[Round "7"]
[White "Gralka, Przemyslaw"]
[Black "Barski, Radoslaw"]
[Result "1/2-1/2"]
[WhiteElo "2272"]
[BlackElo "2203"]
[PlyCount "57"]
[EventDate "2009.09.12"]
[EventType "team-swiss"]
[EventRounds "9"]
[EventCountry "POL"]
[SourceTitle "EXT 2019"]
[Source "ChessBase"]
[SourceDate "2018.10.10"]
[SourceVersion "1"]
[SourceVersionDate "2018.10.10"]
[SourceQuality "1"]
[WhiteTeam "Bydgoszcz Chemik"]
[BlackTeam "Chrzanow UKS SP 8 U19"]
[WhiteTeamCountry "POL"]
[BlackTeamCountry "POL"]

1. Nf3 c5 2. g3 Nc6 3. Bg2 g6 4. 0-0 Bg7 5. e4 d6 6. c3 Nf6 7. Qe2 0-0 8. d4 cxd4 9. cxd4 Bg4 10. Rd1 Qb6 11. Be3 Nxe4 12. h3 Bxf3 13. Bxf3 d5 14. Bxe4 dxe4 15. Nc3 Nxd4 16. Bxd4 Bxd4 17. Nd5 Qc5 18. Qxe4 e6 19. Qxd4 Qxd5 20. Qxd5 exd5 21. Rxd5 Rac8 22. Rd7 Rc2 23. Rxb7 Rd8 24. Rxa7 Rdd2 25. Rf1 Rxb2 26. a4 Ra2 27. Kg2 Rd4 28. a5 Rda4 29. Rb1 1/2-1/2

[Event "POL-chT 2nd League"]
[Site "Miedzyzdroje"]
[Date "2009.09.17"]
[Round "6"]
[White "Najbar, Marcin"]
[Black "Gralka, Przemyslaw"]
[Result "0-1"]
[WhiteElo "2225"]
[BlackElo "2272"]
[PlyCount "176"]
[EventDate "2009.09.12"]
[EventType "team-swiss"]
[EventRounds "9"]
[EventCountry "POL"]
[SourceTitle "EXT 2019"]
[Source "ChessBase"]
[SourceDate "2018.10.10"]
[SourceVersion "1"]
[SourceVersionDate "2018.10.10"]
[SourceQuality "1"]
[WhiteTeam "Chroscice LZS Victoria"]
[BlackTeam "Bydgoszcz Chemik"]
[WhiteTeamCountry "POL"]
[BlackTeamCountry "POL"]

1. e4 d5 2. exd5 Qxd5 3. Nc3 Qa5 4. d4 Nf6 5. Nf3 Bf5 6. Bc4 e6 7. 0-0 Nbd7 8. Re1 c6 9. Bf4 Bb4 10. Bd2 Qc7 11. h3 0-0 12. Nh4 Bg6 13. Nxg6 hxg6 14. Qe2 Rfd8 15. a3 Bd6 16. Ne4 Nxe4 17. Qxe4 c5 18. Bg5 Re8 19. Rad1 Nb6 20. Bb5 Rf8 21. Bf1 c4 22. c3 Nd5 23. g3 b5 24. h4 a5 25. Qe2 Rab8 26. h5 gxh5 27. Qxh5 b4 28. axb4 axb4 29. cxb4 Rxb4 30. Bc1 Rb5 31. Qh3 Be7 32. Bg2 Bf6 33. Be4 g6 34. Kg2 Rd8 35. Rh1 Kf8 36. Rde1 Qb6 37. Qg4 Qxd4 38. Rh7 Bg7 39. Qg5 Qf6 40. Rxg7 Kxg7 41. Qh6+ Kg8 42. Bg5 Qd4 43. Bxd8 Rxb2 44. Kh1 Qxf2 45. Ra1 Qd4 46. Bxg6 fxg6 47. Qxg6+ Qg7 48. Qxe6+ Qf7 49. Qg4+ Kf8 50. Be7+ Qxe7 51. Ra8+ Kf7 52. Qg8+ Kf6 53. Rf8+ Ke5 54. Re8 Rb1+ 55. Kg2 Qxe8 56. Qxe8+ Kd4 57. Qh8+ Kc5 58. Qf8+ Kd4 59. Qg7+ Kc5 60. Qa7+ Rb6 61. Kf3 c3 62. Qa3+ Rb4 63. Ke2 Kc4 64. Qa6+ Kb3 65. Qe6 Rd4 66. Qe5 Rd2+ 67. Ke1 Nb4 68. Qe6+ Kb2 69. Qb6 Rd4 70. Ke2 Rc4 71. Qe6 Rc6 72. Qe7 Ka3 73. Qa7+ Kb3 74. Qf7+ Rc4 75. Qf3 Kb2 76. Qf6 Ka3 77. Qf7 Rc6 78. Qa7+ Kb2 79. Qb7 Kb3 80. Qf7+ Rc4 81. Qf3 Kb2 82. Qf6 Kb3 83. Qf3 Nc6 84. Kd1 Kb2 85. Qf6 Nd4 86. Qb6+ Nb3 87. Qf6 Rd4+ 88. Ke2 c2 0-1

[Event "POL-chT 2nd League"]
[Site "Miedzyzdroje"]
[Date "2009.09.16"]
[Round "5"]
[White "Szymczak, Rafal"]
[Black "Gralka, Przemyslaw"]
[Result "0-1"]
[WhiteElo "2013"]
[BlackElo "2272"]
[PlyCount "60"]
[EventDate "2009.09.12"]
[EventType "team-swiss"]
[EventRounds "9"]
[EventCountry "POL"]
[SourceTitle "EXT 2019"]
[Source "ChessBase"]
[SourceDate "2018.10.10"]
[SourceVersion "1"]
[SourceVersionDate "2018.10.10"]
[SourceQuality "1"]
[WhiteTeam "Milanowek UKS Jedwabnik"]
[BlackTeam "Bydgoszcz Chemik"]
[WhiteTeamCountry "POL"]
[BlackTeamCountry "POL"]

1. f4 d5 2. Nf3 Nf6 3. g3 g6 4. Bg2 Bg7 5. 0-0 0-0 6. d3 c5 7. Nc3 d4 8. Na4 Qd6 9. c4 Nc6 10. a3 b6 11. Ne5 Bb7 12. b4 Rab8 13. Ra2 Nd8 14. Bxb7 Rxb7 15. e4 dxe3 16. Bxe3 cxb4 17. axb4 Qxb4 18. Rb2 Qa3 19. Rb5 Nd7 20. Bc1 Qd6 21. Rd5 Qe6 22. Nf3 Qc6 23. Ba3 Re8 24. Re1 Ne6 25. Ne5 Nxe5 26. fxe5 a6 27. Qb3 Ng5 28. d4 e6 29. Rd6 Qf3 30. Qxf3 Nxf3+ 0-1

[Event "POL-chT 1st League"]
[Site "Ustron"]
[Date "2003.09.13"]
[Round "8"]
[White "Masternak, Grzegorz"]
[Black "Gralka, Przemyslaw"]
[Result "1/2-1/2"]
[WhiteElo "2378"]
[BlackElo "2253"]
[PlyCount "39"]
[EventDate "2003.09.06"]
[EventType "team-tourn"]
[EventRounds "9"]
[EventCountry "POL"]
[SourceTitle "EXT 2005"]
[Source "ChessBase"]
[SourceDate "2004.11.15"]
[SourceVersion "1"]
[SourceVersionDate "2004.11.15"]
[SourceQuality "1"]
[WhiteTeam "Szopienice HetMaN"]
[BlackTeam "Bydgoszcz Chemik"]
[WhiteTeamCountry "POL"]
[BlackTeamCountry "POL"]

1. e4 c6 2. d4 d5 3. e5 c5 4. dxc5 Nc6 5. Bf4 Qa5+ 6. c3 Qxc5 7. Nd2 Bf5 8. Nb3 Qb6 9. Qxd5 e6 10. Qb5 Qc7 11. Nd4 Bg6 12. Qa4 Bc5 13. Ngf3 Nge7 14. Be2 0-0 15. 0-0 a6 16. Nxc6 Nxc6 17. Bg3 b5 18. Qf4 h6 19. Rad1 Bc2 20. Rd2 1/2-1/2

[Event "POL-chT 1st League"]
[Site "Ustron"]
[Date "2003.09.10"]
[Round "5"]
[White "Orzechowski, Jacek"]
[Black "Gralka, Przemyslaw"]
[Result "1/2-1/2"]
[WhiteElo "2264"]
[BlackElo "2253"]
[PlyCount "59"]
[EventDate "2003.09.06"]
[EventType "team-tourn"]
[EventRounds "9"]
[EventCountry "POL"]
[SourceTitle "EXT 2005"]
[Source "ChessBase"]
[SourceDate "2004.11.15"]
[SourceVersion "1"]
[SourceVersionDate "2004.11.15"]
[SourceQuality "1"]
[WhiteTeam "Raciborz Rzemioslo"]
[BlackTeam "Bydgoszcz Chemik"]
[WhiteTeamCountry "POL"]
[BlackTeamCountry "POL"]

1. c4 e5 2. Nc3 Nf6 3. Nf3 Nc6 4. g3 d5 5. cxd5 Nxd5 6. Bg2 Nb6 7. 0-0 Be7 8. b3 0-0 9. Bb2 f6 10. Rc1 Nd4 11. Nxd4 exd4 12. Nb5 c5 13. b4 a6 14. Nd6 Bxd6 15. bxc5 Bc7 16. cxb6 Bxb6 17. Qb3+ Kh8 18. e3 Rb8 19. exd4 Bxd4 20. Bxd4 Qxd4 21. Rc7 Qd6 22. Qc3 b5 23. Rc6 Qd8 24. Qc5 Rf7 25. Rc1 Bb7 26. Rd6 Rd7 27. Rxd7 Qxd7 28. Qb6 Rc8 29. Rxc8+ Bxc8 30. Bc6 1/2-1/2

[Event "MK Cafe Cup-B"]
[Site "Koszalin"]
[Date "1998.??.??"]
[Round "10"]
[White "Gralka, Przemyslaw"]
[Black "Hudziak, Pawel"]
[Result "1/2-1/2"]
[WhiteElo "2295"]
[BlackElo "2125"]
[PlyCount "25"]
[EventDate "1998.08.??"]
[EventType "swiss"]
[EventRounds "10"]
[EventCountry "POL"]
[SourceTitle "EXT 1999"]
[Source "ChessBase"]
[SourceDate "1998.11.16"]
[SourceVersion "1"]
[SourceVersionDate "1998.11.16"]
[SourceQuality "1"]

1. e4 c6 2. d4 d5 3. Nd2 dxe4 4. Nxe4 Bf5 5. Nc5 b6 6. Nb3 e6 7. Nf3 Nd7 8. g3 Ngf6 9. Bg2 Rc8 10. 0-0 Bd6 11. Re1 0-0 12. Nh4 Bg4 13. Qd3 1/2-1/2

[Event "MK Cafe Cup-B"]
[Site "Koszalin"]
[Date "1998.??.??"]
[Round "6"]
[White "Gralka, Przemyslaw"]
[Black "Kolosowski, Pawel"]
[Result "1/2-1/2"]
[WhiteElo "2295"]
[BlackElo "2155"]
[PlyCount "44"]
[EventDate "1998.08.??"]
[EventType "swiss"]
[EventRounds "10"]
[EventCountry "POL"]
[SourceTitle "EXT 1999"]
[Source "ChessBase"]
[SourceDate "1998.11.16"]
[SourceVersion "1"]
[SourceVersionDate "1998.11.16"]
[SourceQuality "1"]

1. d4 Nf6 2. Nf3 g6 3. Bf4 Bg7 4. c3 d6 5. h3 0-0 6. e3 e6 7. Nbd2 Qe7 8. Be2 Nbd7 9. 0-0 b6 10. Bh2 Bb7 11. a4 a5 12. Qb1 e5 13. Rc1 Nd5 14. Bc4 exd4 15. cxd4 Nb4 16. Bf1 Nf6 17. Ra3 Ne4 18. Rd1 Kh8 19. Ne1 Bh6 20. Nxe4 Bxe4 21. Qc1 Rac8 22. Nd3 Bxd3 1/2-1/2

[Event "POL-chT 52nd"]
[Site "Augustow"]
[Date "1996.12.01"]
[Round "5"]
[White "Gralka, Przemyslaw"]
[Black "Skalik, Przemyslaw"]
[Result "0-1"]
[WhiteElo "2285"]
[BlackElo "2335"]
[PlyCount "110"]
[EventDate "1996.11.27"]
[EventType "team-tourn"]
[EventRounds "11"]
[EventCountry "POL"]
[SourceTitle "EXT 2019"]
[Source "ChessBase"]
[SourceDate "2018.10.10"]
[SourceVersion "1"]
[SourceVersionDate "2018.10.10"]
[SourceQuality "1"]
[WhiteTeam "Bydgoszcz Chemik"]
[BlackTeam "Glogow MOK Chrobry"]
[WhiteTeamCountry "POL"]
[BlackTeamCountry "POL"]

1. d4 Nf6 2. Bf4 g6 3. e3 Bg7 4. Nf3 d6 5. h3 0-0 6. Nbd2 c5 7. c3 Nc6 8. Be2 cxd4 9. cxd4 Nd5 10. Bh2 e5 11. Nc4 Nb6 12. dxe5 Nxc4 13. Bxc4 Qa5+ 14. Qd2 Qxd2+ 15. Nxd2 Nxe5 16. e4 Be6 17. Bxe6 fxe6 18. Ke2 Rac8 19. f4 Nc4 20. Nxc4 Rxc4 21. Kd3 Rfc8 22. Rhd1 Bxb2 23. Rab1 Bg7 24. Bg1 b6 25. Be3 Rc2 26. Rd2 R8c3+ 27. Ke2 Rxd2+ 28. Bxd2 Ra3 29. Rc1 Rxa2 30. Rc8+ Bf8 31. Kd3 Kf7 32. Rc7+ Be7 33. f5 Ra3+ 34. Ke2 Ra4 35. Kf3 exf5 36. exf5 Ke8 37. fxg6 hxg6 38. Bf4 b5 39. Rb7 b4 40. Be3 a5 41. g4 Ra3 42. Ke2 Bf6 43. g5 Be5 44. h4 b3 45. h5 gxh5 46. g6 b2 47. Bg5 Ra1 48. Re7+ Kf8 49. Rf7+ Ke8 50. Re7+ Kd8 51. Rxe5+ Kd7 52. Re7+ Kc6 53. g7 b1Q 54. g8Q Qf1+ 55. Ke3 Ra3+ 0-1

[Event "POL-chT 52nd"]
[Site "Augustow"]
[Date "1996.11.30"]
[Round "4"]
[White "Zolnierowicz, Krzysztof"]
[Black "Gralka, Przemyslaw"]
[Result "1-0"]
[WhiteElo "2360"]
[BlackElo "2285"]
[PlyCount "105"]
[EventDate "1996.11.27"]
[EventType "team-tourn"]
[EventRounds "11"]
[EventCountry "POL"]
[SourceTitle "EXT 2019"]
[Source "ChessBase"]
[SourceDate "2018.10.10"]
[SourceVersion "1"]
[SourceVersionDate "2018.10.10"]
[SourceQuality "1"]
[WhiteTeam "Plock PTSz"]
[BlackTeam "Bydgoszcz Chemik"]
[WhiteTeamCountry "POL"]
[BlackTeamCountry "POL"]

1. Nf3 d5 2. g3 c6 3. Bg2 Bf5 4. b3 e6 5. Bb2 h6 6. d3 Nf6 7. Nbd2 Be7 8. e4 Bh7 9. Qe2 0-0 10. 0-0 Nbd7 11. Kh1 a5 12. a4 Nc5 13. e5 Nfd7 14. Nd4 Qc7 15. f4 Rfb8 16. f5 Qxe5 17. fxe6 Qxe2 18. exf7+ Kf8 19. Nxe2 Bf6 20. Bxf6 Nxf6 21. Nf4 Kxf7 22. Nh5 Rf8 23. Nxf6 gxf6 24. Rf2 Rae8 25. Raf1 Kg7 26. Nf3 Na6 27. Nd4 Nb4 28. Bh3 Rf7 29. Bg4 Bg6 30. Ne6+ Kh7 31. Rxf6 Rxf6 32. Rxf6 Nxc2 33. Nf8+ Kg7 34. Rxg6+ Kxf8 35. Rxh6 Re1+ 36. Kg2 Ne3+ 37. Kf3 Nxg4 38. Kxg4 Rb1 39. Rh7 Rxb3 40. Kf5 Rxd3 41. g4 b5 42. axb5 cxb5 43. g5 a4 44. g6 Rd2 45. h4 a3 46. Rf7+ Kg8 47. Ra7 b4 48. h5 Rf2+ 49. Kg5 d4 50. h6 Rg2+ 51. Kf6 Rf2+ 52. Ke6 Re2+ 53. Kd7 1-0